Sports Quiz

Random Sports or MLB Quiz

MLB Lifetime .300 Hitters Since 1947 Quiz Stats

 Plays Quiz Updated Oct 2, 2019

Score 0/56 Timer 10:00
0 Plays Today
Career BA Player % Correct
.310Derek Jeter
93.7%
.338Tony Gwynn
93.1%
.311Ichiro Suzuki
90.3%
.300Albert Pujols
89.7%
.316Todd Helton
87%
.306Joe Mauer
87%
.328Wade Boggs
86.5%
.315Miguel Cabrera
86.2%
.318Kirby Puckett
84.8%
.312Manny Ramirez
83.7%
.317Roberto Clemente
82.4%
.303Chipper Jones
82.4%
.305George Brett
81.2%
.312Edgar Martinez
79.1%
.318Vladimir Guerrero
78.4%
.300Pedro Guerrero
77.8%
.307Joey Votto
77.2%
.315Jose Altuve
77%
.305Mike Trout
75.4%
.302Robinson Cano
74.1%
.302Buster Posey
73.9%
.313Larry Walker
72.7%
.328Rod Carew
72.4%
.311Jackie Robinson
69.4%
.302Willie Mays
68.7%
.305Hank Aaron
68.6%
.307Don Mattingly
68%
.306Paul Molitor
65.1%
Career BA Player % Correct
.301Frank Thomas
64.5%
.300Michael Young
61.9%
.313Nomar Garciaparra
61.3%
.301Mookie Betts
60.9%
.303Pete Rose
59%
.308Mike Piazza
58.5%
.309Magglio Ordonez
55%
.301Christian Yelich
52.8%
.303Mark Grace
49.1%
.300Roberto Alomar
40.9%
.303Moises Alou
38.6%
.307Matty Alou
38.4%
.303Will Clark
37.4%
.304Charlie Blackmon
35.8%
.304Tony Oliva
28.3%
.308Richie Ashburn
26.6%
.303Mike Greenwell
25%
.300John Kruk
24.2%
.305Bill Madlock
20.6%
.302Sean Casey
20.6%
.302DJ LeMahieu
17%
.303Al Oliver
16.5%
.306Ralph Garr
14.3%
.305Rusty Greer
12.9%
.304Hal Morris
10.1%
.303Harvey Kuenn
8.4%
.304Manny Mota
6.7%
.300Billy Goodman
3.7%

You're not logged in!

Compare scores with friends on all Sporcle quizzes.
OR
Log In

Sporcle TV

Today on Sporcle TV


Watch our educational content, quiz creation guides, and fun videos on Sporcle TV.

Show Comments

Extras

Top Quizzes Today


Score Distribution

Your Account Isn't Verified!

In order to create a playlist on Sporcle, you need to verify the email address you used during registration. Go to your Sporcle Settings to finish the process.

Report this User

Report this user for behavior that violates our Community Guidelines.

Details: